| 000 | 005850000a22001930004500 | ||
|---|---|---|---|
| 041 | 0 | _aENG | |
| 082 | 0 | 4 | _aG 230.046 M729t |
| 100 | 1 | _aMoltmann, Jürgen | |
| 245 | 1 | 0 | _aTheology of play / Jürgen Moltmann ; Reinhard Ulrich, Translated |
| 250 | _a1 | ||
| 260 | _aNew York, N.Y., USA : Harper and Row | ||
| 300 | _a113 Pag | ||
| 650 | 1 | 4 | _aJUEGOS - ASPECTOS RELIGIOSOS - CRISTIANISMO \ LIBERTAD - ASPECTOS RELIGIOSOS - CRISTIANISMO |
| 001 | 3471 | ||
| 942 | _cBK | ||
| 999 |
_c34135 _d34135 |
||
| 336 |
_atexto _btxt _2rdacontent |
||
| 337 |
_2rdamedia _asin mediación _bn |
||
| 338 |
_2rdacarrier _avolumen _bnc |
||